Normal view
MARC view
- الوحش،مي محمد موسى/اعداد
Entry Personal Name
001 - CONTROL NUMBER
- control field: 21744
003 - CONTROL NUMBER IDENTIFIER
- control field: JO-AjAnu
005 - DATE AND TIME OF LATEST TRANSACTION
- control field: 20230606073749.0
008 - FIXED-LENGTH DATA ELEMENTS
- fixed length control field: 230606|| aca||aabn | a|a d
040 ## - CATALOGING SOURCE
- Original cataloging agency: JO-AjAnu
- Transcribing agency: JO-AjAnu
100 ## - HEADING--PERSONAL NAME
- Personal name: الوحش،مي محمد موسى/اعداد
670 ## - SOURCE DATA FOUND
- Source citation: Work cat.: (JO-AjAnu)11173: الوحش،مي محمد موسى/اعداد, author, 300نصيحة للعناية بالطفل